Self guided tour through the 68000
Saved in:
| Main Author: | |
|---|---|
| Format: | Book |
| Language: | English |
| Published: |
Reston, Va. :
Reston Pub. Co.,
c1984
|
| Subjects: | |
| Tags: |
Add Tag
No Tags, Be the first to tag this record!
|
MARC
| LEADER | 00000nam a2200000 i 4500 | ||
|---|---|---|---|
| 001 | 1/55346 | ||
| 008 | 950315s1984 eng d | ||
| 020 | |a 0835969053 ((pbk.)) | ||
| 035 | |l 10027835 | ||
| 040 | |a GR-MY-UA |b gre |e aacr | ||
| 041 | 0 | |a eng | |
| 082 | 0 | |a 001.64 |2 (19) | |
| 100 | 1 | |a Andrews, Michael |d 1940- | |
| 245 | 1 | 0 | |a Self guided tour through the 68000 / |c Michael Andrews |
| 260 | |a Reston, Va. : |b Reston Pub. Co., |c c1984 | ||
| 300 | |a xx, 260 p.; |b ill.; |c 24 cm | ||
| 500 | |a Includes index | ||
| 650 | 0 | 0 | |a Motorola 68000 (Microprocessor) |
| 852 | |a INST |b CHIOS |e 19950315 |h 004.165 AND |p 005200006763 |q 005200006763 |t BK |y 0 | ||
| 909 | |a Χ |b 005125 | ||